000 00647nam a22001937a 4500
003 OSt
005 20251121110212.0
008 251121b |||||||| |||| 00| 0 eng d
040 _aDWC-Main lib
_cOC
082 _aCirc. 616.02 F625 1970
100 _aFlint, T.
245 _aEmergency treatment and management, 4th edition
_cFlint, Thos
260 _aPhiladelphia :
_bW. B. Saunders Company,
_cc1970
300 _axiii, 733 pages :
_c 18 cm.
504 _aIncludes index
650 _2Medical emergencies
700 _aCain, Harvey D.
942 _2ddc
_cBK-CIRC
_e4th edition
_hCirc. 616.02 F625 1970
_kCirc.
_n0
999 _c5981
_d5981